000 00507nab a2200145Ia 4500
003 ES-SlBCS
005 20210601125433.0
008 140529s1979 xxu||||| |||| 00| 0 eng d
041 _aeng
100 1 _aRoutley, Richard
_9151853
245 0 0 _aSome Bad Arguments for and Against Conventionalism
_c Richard Routley
650 0 4 _aConvencionalismo-Lógica
_9158628
773 0 _tRassegna Internazionale di Logica (Cfr. International Logic Review)
_gvol. 10, nº. 19-20, 1979, págs. 84-90
_wRev926
942 _cAR
999 _c530328
_d530328